| 000 -ლიდერი |
| ფიქსირებული სიგრძის საკონტროლო ველი |
01022nam a22001697a 4500 |
| 003 - საკონტროლო ნომრის იდენტიფიკატორი |
| საკონტროლო ველი |
Ge_BSU |
| 005 - ბოლო ოპერაციის თარიღი და დრო |
| საკონტროლო ველი |
20260316165147.0 |
| 008 - ფიქსირებული სიგრძის მონაცემთა ელემენტები - ზოგადი ინფორმაცია |
| ფიქსირებული სიგრძის საკონტროლო ველი |
260316s1963 ge ||||| |||| 00| 0 geo d |
| 041 ## - ენის კოდი |
| Language code of text/sound track or separate title |
geo |
| 080 ## - უნივერსალური ათობითი კლასიფიკაციის ინდექსი |
| Universal Decimal Classification number |
631.115.6(479.22) : 330.32 გ-22 |
| 245 ## - ცნობა სათაურის შესახებ |
| Title |
გაფართოებული სოციალისტური კვლავწარმოება საქართველოს კოლმეურნეობებში / |
| Statement of responsibility, etc |
ნ. პაიჭაძე, ნ. გვიშიანი, უ. ხოფერია, ა. მახარაძე, ა. ბაჯელიძე; [რედ.: ნ. პაიჭაძე]. |
| 264 ## - წარმოების, გამოცემის, დისტრიბუციის და სხვა ცნობები |
| გამოცემის, წარმოების, დისტრიბუციის... ადგილი |
თბილისი : |
| გამოცემის, წარმოების, დისტრიბუციის... სახელწოდება |
ცოდნა, |
| გამოცემის, წარმოების, დისტრიბუციის... თარიღი |
1963. |
| 300 ## - ფიზიკური აღწერა |
| Extent |
177 გვ. : |
| Other physical details |
ცხრილ. ; |
| Dimensions |
24 სმ. |
| 653 ## - INDEX TERM--UNCONTROLLED |
| Uncontrolled term |
საქართველოს კოლმეურნეობები |
| 653 ## - INDEX TERM--UNCONTROLLED |
| Uncontrolled term |
გაფართოებული სოციალისტური კვლავწარმოება. |
| 942 ## - ADDED ENTRY ELEMENTS (KOHA) |
| Source of classification or shelving scheme |
|
| Koha item type |
წიგნი |